|
|
|
|
| LEADER |
00654nam a2200193 a 4500 |
| 001 |
000639728 |
| 003 |
CZ BrMZK |
| 005 |
20070615120308.0 |
| 007 |
ta |
| 008 |
021202s1921 xr f cze d |
| 040 |
|
|
|a BOA001
|b cze
|c BOA001
|
| 100 |
0 |
|
|a Lukáš,
|c svatý,
|d činný 1. století
|7 jn20000720155
|4 aut
|
| 245 |
1 |
0 |
|a Život Pána a Spasitele našeho Ježíše Krista podle sepsání Sv. Lukáše
|
| 260 |
|
|
|a V Praze :
|b Britská i zahraniční společnost biblická,
|c 1921
|
| 300 |
|
|
|a 92 s.
|
| 910 |
|
|
|a BOA001
|b 1-0131.055
|
| 990 |
|
|
|a BK
|
| 993 |
|
|
|a Y
|
| 996 |
7 |
|
|b 2619475547
|c 1-0131.055
|l MZK
|r Sklad / do 1 hodiny
|n 0
|w 000639728
|u 000010
|a 1
|e BOA001
|j MZK50
|s A
|